Normal view
MARC view
- Fatimazahra Barramou, El Hassan El Brirchi, Khalifa Mansouri, Youness Dehbi
Entry Personal Name
001 - CONTROL NUMBER
- control field: 133302
003 - CONTROL NUMBER IDENTIFIER
- control field: NUST
005 - DATE AND TIME OF LATEST TRANSACTION
- control field: 20260217144053.0
008 - FIXED-LENGTH DATA ELEMENTS
- fixed length control field: 260217|| aca||aabn | a|a d
040 ## - CATALOGING SOURCE
- Original cataloging agency: NUST
- Transcribing agency: NUST
100 ## - HEADING--PERSONAL NAME
- Personal name: Fatimazahra Barramou, El Hassan El Brirchi, Khalifa Mansouri, Youness Dehbi
670 ## - SOURCE DATA FOUND
- Source citation: Work cat.: (NUST): Fatimazahra Barramou, El Hassan El Brirchi, Khalifa Mansouri, Youness Dehbi., Read sample Geospatial Intelligence: Applications and Future Trends /, 2022.
